Loading...
| Current Events | 4 | 12.50 | 100% | 25% | 0% |
| Fine Arts - Classical Music | 7 | 12.86 | 100% | 29% | 0% |
| Fine Arts - Other | 5 | 12.00 | 100% | 20% | 0% |
| Fine Arts - Painting & Sculpture | 10 | 20.00 | 100% | 80% | 20% |
| Geography | 3 | 16.67 | 67% | 67% | 33% |
| History - American | 8 | 10.00 | 88% | 13% | 0% |
| History - European | 12 | 11.67 | 75% | 42% | 0% |
| History - Other | 9 | 10.00 | 78% | 22% | 0% |
| History - World | 8 | 11.25 | 100% | 13% | 0% |
| Literature - American | 9 | 18.89 | 89% | 78% | 22% |
| Literature - British | 7 | 14.29 | 100% | 29% | 14% |
| Literature - European | 6 | 15.00 | 100% | 33% | 17% |
| Literature - World | 8 | 16.25 | 100% | 50% | 13% |
| Mythology | 5 | 14.00 | 100% | 40% | 0% |
| Other Academic | 3 | 6.67 | 67% | 0% | 0% |
| Philosophy | 10 | 11.00 | 80% | 30% | 0% |
| Religion | 9 | 13.33 | 100% | 22% | 11% |
| Science - Biology | 9 | 15.56 | 100% | 33% | 22% |
| Science - Chemistry | 8 | 15.00 | 100% | 50% | 0% |
| Science - Other | 10 | 16.00 | 100% | 50% | 10% |
| Science - Physics | 9 | 15.56 | 89% | 67% | 0% |
| Social Science | 5 | 12.00 | 100% | 20% | 0% |